000 00566nam a2200193Ia 4500
005 20260114185701.0
008 008 260114s9999 xx 000 0 eng d
020 _a9781350049529
037 _aEBOOK
040 _aCRL
_beng
_cCRL
041 _aeng
_2eng
084 _qCRL
100 _aKathleen Kete
_9873108
245 2 _aA Cultural History of Animals in the Age of Empire
260 _bBloomsbury
_c2009
856 _uhttps://doi.org/10.5040/9781350049529?locatt=label:secondary_bloomsburyCollections
942 _cEBOOK
999 _c1472056
_d1472056